Landmarks A-Z - Statistics

General Stats
  • This quiz has been taken 50 times
    35 since last reset
  • The average score is 29 of 52
Answer Stats
Clues Landmars % Correct
B) Famous clocktower in London overlooking the Thames River Big Ben
100%
N) Famous waterfall complex on the border of New York-Canada Niagara Falls
100%
C) Massive Roman stadium that once held gladiator fights,now a world heritage site Colosseum
97%
E) The highest peak on Earth, over 29000 ft in the Himalayas Everest
97%
E) Massive remote park in southern Florida with miles of swampand wetlands Everglades
97%
M) South Dakota mountain famously carved with the faces of 4 presidents Mount Rushmore
97%
M) Iconic Incan ruin city high in the Peruvian Andes Machu Picchu
94%
G) Pennsylvania battlefield that was the site of the bloodiest battle of the Civil War Gettysburg
90%
K) This steep, dangerous peak is the 2nd tallest mountain in the world K2
90%
L) Famous Parisian museum that houses some of the worlds most prized art pieces Louvre
90%
O) Founded in 1096, it is the oldest university in the UK Oxford
90%
D) Famous street in Westminster, London housing the offices of the British PM and Chancellor Downing Street
87%
Y) Famous national park in NW Wyoming where Old Faithful geyser is located.Site of a dormant supervolcano Yellowstone
87%
L) Freestanding bell tower in Italy famous for leaning slightly to its side Leaning Tower of Pisa
84%
P) Ancient city in the desert of Jordan carved into red stone cliffs Petra
84%
Y) Famous California park where Half Dome rock is located along with giantSequoia trees Yosemite
84%
B) Skyscraper in Dubai that is currently the tallest buildingin the world Burj Khalifa
81%
H) Famous Grand Mosque in the heart of Istanbul, Turkey Hagia Sophia
81%
P) Twin bridged towers measuring 451 m tall overlooking Kuala Lumpur Petronas Towers
81%
S) Iconic theatrical arts center overlooking the harbor of Australias biggest city Sydney Opera House
81%
T) Famous fountain in central Rome that is said to bring good fortune to thosewho toss a coin in Trevi Fountain
81%
U) Massive sandstone monolith in the middle of the remote Australian desert. Formerly called Ayers Rock Uluru
81%
V) Italian volcano that buried the city of Pompeii in 79 AD Vesuvius
81%
A) This ancient citadel was built on a hill to overlook the city of Athens Acropolis
77%
S) Famous observation tower overlooking the city of Seattle, Washington Space Needle
77%
A) Spanish compound/fortress in San Antonio, TX, whichis fondly remembered Alamo
74%
X) City where hundreds of clay soldiers were unearthed to protect Qin Emperor Shi Huang in the afterlife Xian
74%
I) Massive waterfall complex on the border of Brazil-Argentina Iguazu Falls
65%
W) One of the most famous beaches in Hawaii, on the south side of Honolulu Waikiki
65%
C) Famous Mayan pyramid complex in Yucatan, Mexico Chichen Itza
61%
W) Massive marble obelisk built to honor the first president of the US Washington Monument
61%
V) This fortified castle is the official residence of the Prince of Liechtenstein, located in the capital Vaduz
55%
I) Iconic Philadelphia meeting hall where both the Declaration ofIndependence and Constitution were adopted Independence Hall
48%
N) Massive 19th century hilltop castle complex in the far south of Germany Neuschwanstein
48%
T) Ruins of this once great ancient Aztec capital can be seen in present dayMexico City Tenochtitlan
48%
F) Fort outpost in Charleston, SC that marked the start of theCivil War Fort Sumter
39%
R) Famous bridge in Venice, Italy, the oldest of the 4 bridges spanning thecitys grand canal Rialto Bridge
32%
Q) Well known hall of food stands and souvenir shops on the waterfrontin Boston, MA Quincy Market
13%
R) This massive limestone mountain marks the western entrance to theMediterranean Sea Rock of Gibraltar
13%
Z) The main square of central Mexico City, former ceremonial center of theAztec city of Tenochtitlan Zocalo
13%
D) Stone wall ruins that once surrounded this southern Croatiacity of the same name Dubrovnik Walls
10%
X) Tomb complex in Marvdasht, Iran built to honor the first great Persian king Xerxes Tomb
10%
H) Lutheran church in Reykjavik, Iceland famous for its curvedspires and wings Hallgrimskirkja
6%
Q) Largest Islamic seminary located in the ancient city of the same name Qom Seminary
6%
J) Skyscraper in Shanghai known for its pagoda style architecture Jin Mao Tower
3%
O) Ball shaped observation tower in Shanghai that was once the tallestin China Oriental Pearl Tower
3%
F) Shinto shrine in Kyoto famous for its hundreds of tall gates Fushimi Inari Taisha
0%
G) Church in rural Indonesia that looks similar to a chicken Gereja Ayam
0%
J) Massive cave system in South Dakota that is the 5th longest cave in the world Jewel Cave
0%
K) Ghost town and former diamond mining site in the desert of southern Namibia Kolmanskop
0%
U) Ruins of this ancient Mayan city include the Pyramid of the Magician Uxmal
0%
Z) Red roofed fortified castle in the Czech Republic dating back to 1080 Znojmo
0%
No matching quizzes found
Score Distribution
Percent of People with Each Score
Percentile by Number Answered
Your Score History
You have not taken this quiz since the last reset